| 000 | 01044cam a2200253u 4500 | ||
|---|---|---|---|
| 001 | 1606 | ||
| 005 | 20250826144221.0 | ||
| 020 | _a9789814281119 | ||
| 040 |
_aDLC _cCarP _dDLC _beng |
||
| 050 | 0 | 0 | _aPZ8.M3554 |
| 082 | _a398.24529633 | ||
| 100 | _aSmith, Annette | ||
| 245 | 0 | 4 |
_aThe three little pigs / _cRetold by Annette Smith ; Illustrated by Isabel Lowe |
| 250 | _aFirst published in 1997 | ||
| 260 |
_aVictoria : _bNelson School, _c1997 |
||
| 300 |
_a32 pages : _bColor illustrations ; _c22 cm |
||
| 505 | _aH | ||
| 520 | _aMother Pig tells her three little ones it is time for them to make their own way in the world by building their own houses. Each uses something different to build its house: straw, sticks and bricks. They all have a big fear of wolves, so when he visits each refuses to open the door. Only, two are much more vulnerable. | ||
| 521 |
_a450
_bLexile |
||
| 521 |
_aH
_bRaz-Plus |
||
| 700 | 1 |
_aLowe, Isabel _eillustrator |
|
| 906 |
_a0 _bcbc _cpremunv _du _encip _f19 _gy-gencatlg |
||
| 942 |
_2ddc _cBK _n0 |
||
| 999 |
_c1606 _d1606 |
||